[Event "Titled Tuesday intern op 02nd Apr Late"]
[Site "Chess.com INT"]
[Date "2024.04.02"]
[Round "4"]
[White "Cardozo Munar, Carlos Eduardo"]
[Black "Kujawski, Adam"]
[Result "1-0"]
[WhiteElo "2043"]
[BlackElo "2111"]
[PlyCount "81"]
[EventDate "2024.04.02"]
[EventType "swiss (blitz)"]
[EventRounds "11"]
[EventCountry "USA"]
[SourceTitle "CB15_2024"]
[SourceDate "2024.04.10"]
[SourceVersion "1"]
[SourceVersionDate "2024.04.10"]
[SourceQuality "1"]

1. g3 g6 2. Bg2 Bg7 3. Nf3 d6 4. 0-0 e5 5. d4 e4 6. Ne1 d5 7. e3 Nf6 8. c4 c6 9. Nc3 a6 10. cxd5 cxd5 11. Qb3 b5 12. Nc2 0-0 13. a4 bxa4 14. Rxa4 Nc6 15. Nb4 Nxb4 16. Rxb4 Be6 17. Bd2 Qd6 18. Ra1 Rfb8 19. Na4 h5 20. Nc5 Bc8 21. Bf1 h4 22. Rxb8 Rxb8 23. Bb4 Ng4 24. Nxa6 Qf6 25. Qc2 Bxa6 26. Rxa6 Qf5 27. Bd6 Rc8 28. Qe2 Rc1 29. h3 Nh6 30. g4 Qc8 31. Ra3 Rc2 32. Rc3 Rxc3 33. bxc3 Qxc3 34. Qb5 Kh7 35. Qxd5 Qe1 36. Qxe4 f5 37. Qe7 Ng8 38. Qf7 Kh6 39. Bf4+ g5 40. gxf5 gxf4 41. Qg6# 1-0

[Event "Titled Tuesday intern op 02nd Apr Late"]
[Site "Chess.com INT"]
[Date "2024.04.02"]
[Round "5"]
[White "Voiteanu, Christian Gabriel"]
[Black "Kujawski, Adam"]
[Result "0-1"]
[WhiteElo "2117"]
[BlackElo "2111"]
[PlyCount "78"]
[EventDate "2024.04.02"]
[EventType "swiss (blitz)"]
[EventRounds "11"]
[EventCountry "USA"]
[SourceTitle "CB15_2024"]
[SourceDate "2024.04.10"]
[SourceVersion "1"]
[SourceVersionDate "2024.04.10"]
[SourceQuality "1"]

1. d4 g6 2. c4 Bg7 3. e4 d6 4. Nc3 Nd7 5. Be2 b6 6. Be3 Bb7 7. Qd2 h6 8. 0-0-0 e6 9. f4 Ne7 10. Nf3 f5 11. e5 0-0 12. h3 Qe8 13. g4 fxg4 14. hxg4 dxe5 15. dxe5 Bxf3 16. Bxf3 Nxe5 17. fxe5 Rxf3 18. Bxh6 Bxe5 19. Qe2 Rxc3+ 20. bxc3 Bxc3 21. Qxe6+ Qf7 22. Qxf7+ Kxf7 23. Rd7 Ke6 24. Rxc7 Ng8 25. Bd2 Be5 26. Re1 Kd6 27. Rh7 Nf6 28. Rh6 Rc8 29. Rxg6 Rxc4+ 30. Kb1 Kd5 31. Rg5 Ne4 32. Bf4 Nc3+ 33. Ka1 Rxf4 34. Rgxe5+ Kc4 35. Kb2 Rf2+ 36. Kc1 Nxa2+ 37. Kd1 Nc3+ 38. Kc1 Kb3 39. Rb5+ Nxb5 0-1

[Event "Titled Tuesday intern op 12th Mar Late"]
[Site "Chess.com INT"]
[Date "2024.03.12"]
[Round "8"]
[White "Kujawski, Adam"]
[Black "De Souza, Arthur Olintho"]
[Result "1-0"]
[WhiteElo "2111"]
[BlackElo "2113"]
[PlyCount "77"]
[EventDate "2024.03.12"]
[EventType "swiss (blitz)"]
[EventRounds "11"]
[EventCountry "USA"]
[SourceTitle "CB12_2024"]
[SourceDate "2023.10.01"]
[SourceVersion "1"]
[SourceVersionDate "2023.10.01"]
[SourceQuality "1"]

1. e4 e6 2. d4 d5 3. Nc3 Bb4 4. e5 Qd7 5. a3 Bf8 6. Nh3 b6 7. Nf4 Ba6 8. Bxa6 Nxa6 9. Qe2 Nb8 10. Nh5 c5 11. f4 cxd4 12. Nb5 g6 13. Nf6+ Nxf6 14. exf6 Nc6 15. Qd3 a6 16. Nxd4 Nxd4 17. Qxd4 Bc5 18. Qe5 0-0 19. Bd2 a5 20. h4 d4 21. h5 Qd5 22. Qxd5 exd5 23. Ke2 Rfe8+ 24. Kd3 Re6 25. g4 Rxf6 26. Rae1 Re6 27. f5 Ree8 28. hxg6 fxg6 29. Re6 Kf7 30. Rxh7+ Kg8 31. Rxe8+ Rxe8 32. Bh6 gxf5 33. Rg7+ Kh8 34. gxf5 Re3+ 35. Bxe3 Kxg7 36. Bxd4+ Kf7 37. Bxc5 bxc5 38. b4 c4+ 39. Kd4 1-0

[Event "Titled Tuesday intern op 13th Feb Late"]
[Site "Chess.com INT"]
[Date "2024.02.13"]
[Round "9"]
[White "Kujawski, Adam"]
[Black "Van Baar, Esper"]
[Result "1-0"]
[WhiteElo "2111"]
[BlackElo "2208"]
[PlyCount "109"]
[EventDate "2024.02.13"]
[EventType "swiss (blitz)"]
[EventRounds "11"]
[EventCountry "USA"]
[SourceTitle "CB08_2024"]
[SourceDate "2024.02.21"]
[SourceVersion "1"]
[SourceVersionDate "2024.02.21"]
[SourceQuality "1"]

1. d4 Nf6 2. Bf4 d5 3. e3 e6 4. Nf3 Bd6 5. Bg3 0-0 6. Nbd2 c5 7. c3 Qc7 8. Ne5 Nbd7 9. Ndf3 Ne4 10. Bd3 b6 11. Nxd7 Bxd7 12. Bxd6 Nxd6 13. Ne5 Bb5 14. Bxb5 Nxb5 15. 0-0 f6 16. Nf3 Nd6 17. Re1 Ne4 18. Nd2 Nxd2 19. Qxd2 e5 20. Rad1 exd4 21. exd4 c4 22. g3 Rae8 23. Kg2 Kf7 24. Rxe8 Rxe8 25. Re1 Re7 26. Kf3 b5 27. Re3 Re4 28. Rxe4 dxe4+ 29. Kxe4 Qe7+ 30. Kf3 Qb7+ 31. d5 Ke7 32. Qd4 Kd6 33. Ke4 Qe7+ 34. Kf4 Qb7 35. h4 Qxd5 36. Qxd5+ Kxd5 37. Kf5 Kd6 38. h5 Ke7 39. g4 Kf7 40. f4 g6+ 41. hxg6+ hxg6+ 42. Ke4 Ke6 43. Kd4 Kd6 44. a4 a6 45. g5 fxg5 46. fxg5 Ke6 47. axb5 axb5 48. Kc5 Kf5 49. Kxb5 Kxg5 50. Kxc4 Kh5 51. b4 g5 52. b5 g4 53. b6 g3 54. b7 g2 55. b8Q 1-0

[Event "Titled Tuesday intern op 13th Feb Late"]
[Site "Chess.com INT"]
[Date "2024.02.13"]
[Round "1"]
[White "Liascovich, Lucas"]
[Black "Kujawski, Adam"]
[Result "1-0"]
[WhiteElo "2413"]
[BlackElo "2111"]
[PlyCount "55"]
[EventDate "2024.02.13"]
[EventType "swiss (blitz)"]
[EventRounds "11"]
[EventCountry "USA"]
[SourceTitle "CB08_2024"]
[SourceDate "2024.02.21"]
[SourceVersion "1"]
[SourceVersionDate "2024.02.21"]
[SourceQuality "1"]

1. e3 e5 2. d4 exd4 3. exd4 d5 4. Nf3 Bd6 5. c4 Nf6 6. c5 Be7 7. Nc3 b6 8. cxb6 axb6 9. Bd3 0-0 10. 0-0 c5 11. Bf4 Nc6 12. Re1 Bg4 13. Nb5 h6 14. h3 Bh5 15. g4 Nxg4 16. hxg4 Bxg4 17. Kg2 Bf6 18. dxc5 bxc5 19. Rc1 c4 20. Bb1 Ra5 21. Bc7 Qd7 22. Bxa5 Nxa5 23. Nc3 Rd8 24. Qxd5 Qxd5 25. Nxd5 Bxb2 26. Rcd1 Kf8 27. Nc7 Rxd1 28. Re8# 1-0

[Event "Titled Tuesday intern op 13th Feb Late"]
[Site "Chess.com INT"]
[Date "2024.02.13"]
[Round "8"]
[White "Tologontegin, Semetey"]
[Black "Kujawski, Adam"]
[Result "1-0"]
[WhiteElo "2369"]
[BlackElo "2111"]
[PlyCount "39"]
[EventDate "2024.02.13"]
[EventType "swiss (blitz)"]
[EventRounds "11"]
[EventCountry "USA"]
[SourceTitle "CB08_2024"]
[SourceDate "2024.02.21"]
[SourceVersion "1"]
[SourceVersionDate "2024.02.21"]
[SourceQuality "1"]

1. e4 e5 2. Nf3 Nc6 3. Bc4 Nf6 4. d3 d5 5. exd5 Nxd5 6. 0-0 Nb6 7. Bb5 Bd6 8. Re1 f6 9. d4 0-0 10. Bxc6 bxc6 11. dxe5 fxe5 12. h3 Qe8 13. Nc3 Qg6 14. Nxe5 Bxe5 15. Rxe5 Bf5 16. Be3 Nc4 17. Re7 Bxh3 18. Qf1 Rad8 19. Qxc4+ Kh8 20. Qe4 1-0

[Event "Titled Tuesday intern op 06th Feb Late"]
[Site "Chess.com INT"]
[Date "2024.02.06"]
[Round "5"]
[White "Kujawski, Adam"]
[Black "Ramirez Madrid, Gerardo Alfonso"]
[Result "1/2-1/2"]
[WhiteElo "2111"]
[BlackElo "1950"]
[PlyCount "128"]
[EventDate "2024.02.06"]
[EventType "swiss (blitz)"]
[EventRounds "11"]
[EventCountry "USA"]
[SourceTitle "CB07_2024"]
[SourceDate "2024.02.14"]
[SourceVersion "1"]
[SourceVersionDate "2024.02.14"]
[SourceQuality "1"]

1. d4 Nf6 2. Bf4 g6 3. e3 Bg7 4. h3 0-0 5. Nf3 d6 6. Be2 Nbd7 7. 0-0 c5 8. c3 b6 9. Nbd2 Bb7 10. a4 a6 11. Bh2 Rc8 12. Re1 Qc7 13. Bd3 Rfe8 14. Qe2 e5 15. Bxa6 e4 16. Ng5 Bxa6 17. Qxa6 h6 18. Nxf7 Kxf7 19. Nc4 Bf8 20. a5 Qc6 21. Nxb6 Nxb6 22. Qxb6 Qxb6 23. axb6 Nd7 24. Ra7 Red8 25. b7 Rb8 26. Rea1 Ke6 27. R1a6 c4 28. f3 exf3 29. gxf3 Be7 30. e4 Nf8 31. e5 Rd7 32. exd6 Bxd6 33. Bxd6 Rxd6 34. Rxd6+ Kxd6 35. Ra6+ Kd5 36. Ra5+ Kd6 37. Rb5 Nd7 38. b3 cxb3 39. Rxb3 Kc7 40. Kf2 Rxb7 41. Rxb7+ Kxb7 42. Ke3 Kc6 43. Ke4 Kd6 44. c4 Nf6+ 45. Kf4 Nh5+ 46. Ke4 Nf6+ 47. Kf4 Nd7 48. h4 Ke6 49. Kg4 Nb6 50. c5 Nd5 51. c6 Kf6 52. f4 Ke6 53. h5 gxh5+ 54. Kxh5 Kf5 55. Kxh6 Kxf4 56. Kg6 Ke4 57. Kf7 Kxd4 58. Ke6 Kc5 59. Kd7 Kc4 60. Kd6 Kd4 61. Ke6 Kc5 62. Kd7 Kd4 63. Kd6 Kc4 64. c7 Nxc7 1/2-1/2

[Event "Titled Tuesday intern op 06th Feb Late"]
[Site "Chess.com INT"]
[Date "2024.02.06"]
[Round "2"]
[White "Mendonca, Leon Luke"]
[Black "Kujawski, Adam"]
[Result "1-0"]
[WhiteElo "2631"]
[BlackElo "2111"]
[PlyCount "147"]
[EventDate "2024.02.06"]
[EventType "swiss (blitz)"]
[EventRounds "11"]
[EventCountry "USA"]
[SourceTitle "CB07_2024"]
[SourceDate "2024.02.14"]
[SourceVersion "1"]
[SourceVersionDate "2024.02.14"]
[SourceQuality "1"]

1. e4 e6 2. Nf3 d5 3. d3 dxe4 4. dxe4 Qxd1+ 5. Kxd1 Nc6 6. c3 Bc5 7. Ke1 a5 8. Bd3 e5 9. Ke2 Nf6 10. Bg5 Nd7 11. Nbd2 f6 12. Bh4 Nb6 13. Ne1 a4 14. Nc2 Be6 15. Rhd1 0-0-0 16. Nf1 Rxd3 17. Rxd3 Bc4 18. b3 Bxd3+ 19. Kxd3 Rd8+ 20. Ke2 Be7 21. f3 Kd7 22. Nfe3 Ke6 23. b4 Na7 24. Na3 c5 25. Be1 cxb4 26. cxb4 Nc6 27. Nec2 Nd4+ 28. Nxd4+ Rxd4 29. Rb1 Nc4 30. Nc2 Rd7 31. b5 Bc5 32. Rc1 b6 33. Bc3 Rd8 34. Ne1 Ba3 35. Rc2 Bc5 36. Rc1 Ba3 37. Rb1 Bc5 38. Nd3 Rc8 39. Be1 Na3 40. Rc1 Kd7 41. Nxc5+ Rxc5 42. Rxc5 bxc5 43. Kd3 Kd6 44. b6 Kc6 45. Ba5 Nb5 46. h4 Nd6 47. h5 Nc8 48. Bd2 Nxb6 49. Kc3 Kb5 50. Kd3 Nc8 51. h6 gxh6 52. Bxh6 Nd6 53. Bg7 c4+ 54. Kc3 Ne8 55. Bf8 Nc7 56. Be7 Ne8 57. g3 Kc6 58. Kxc4 Kd7 59. Bf8 h5 60. Kb4 Ke6 61. Kxa4 f5 62. Kb5 f4 63. gxf4 h4 64. Bc5 exf4 65. Bg1 Nd6+ 66. Kb4 Ke5 67. a4 Nxe4 68. fxe4 f3 69. a5 h3 70. a6 Kxe4 71. a7 h2 72. Bxh2 f2 73. a8Q+ Ke3 74. Qa6 1-0

[Event "Titled Tuesday intern op 06th Feb Late"]
[Site "Chess.com INT"]
[Date "2024.02.06"]
[Round "4"]
[White "Sarquis, Maria Belen"]
[Black "Kujawski, Adam"]
[Result "0-1"]
[WhiteElo "2168"]
[BlackElo "2111"]
[PlyCount "38"]
[EventDate "2024.02.06"]
[EventType "swiss (blitz)"]
[EventRounds "11"]
[EventCountry "USA"]
[SourceTitle "CB07_2024"]
[SourceDate "2024.02.14"]
[SourceVersion "1"]
[SourceVersionDate "2024.02.14"]
[SourceQuality "1"]

1. e4 e6 2. d4 d5 3. exd5 exd5 4. Nf3 Bd6 5. Bd3 Ne7 6. 0-0 0-0 7. c4 c6 8. h3 Bf5 9. Nc3 Bxd3 10. Qxd3 dxc4 11. Qxc4 Nd7 12. Bg5 Nb6 13. Qd3 Qd7 14. Rad1 Ned5 15. Ne4 Rfe8 16. Bc1 Nb4 17. Qb1 Qf5 18. Nxd6 Qxb1 19. Nxe8 Rxe8 0-1

[Event "Titled Tuesday intern op 23rd Jan Late"]
[Site "Chess.com INT"]
[Date "2024.01.23"]
[Round "9"]
[White "Curtis, John"]
[Black "Kujawski, Adam"]
[Result "1-0"]
[WhiteElo "2292"]
[BlackElo "2111"]
[PlyCount "101"]
[EventDate "2024.01.23"]
[EventType "swiss (blitz)"]
[EventRounds "11"]
[EventCountry "USA"]
[SourceTitle "CB05_2024"]
[SourceDate "2024.01.31"]
[SourceVersion "1"]
[SourceVersionDate "2024.01.31"]
[SourceQuality "1"]

1. d4 d5 2. c4 e6 3. Nf3 Nf6 4. Nc3 Be7 5. Bg5 0-0 6. e3 h6 7. Bh4 Ne4 8. Bxe7 Qxe7 9. Qc2 Nxc3 10. Qxc3 c5 11. dxc5 Qxc5 12. a3 dxc4 13. Qxc4 Nd7 14. Rc1 Qxc4 15. Bxc4 Nb6 16. 0-0 Nxc4 17. Rxc4 Bd7 18. Rc7 Bc6 19. Rc1 Rfc8 20. Rxc8+ Rxc8 21. Ne5 Bd7 22. Rxc8+ Bxc8 23. Nc4 Bd7 24. f3 f6 25. Kf2 Kf8 26. e4 e5 27. Ne3 Ke7 28. b4 Kd6 29. Ke1 a5 30. Kd2 axb4 31. axb4 Kc6 32. Kc3 Kb5 33. Nc4 Bc6 34. Nd6+ Ka4 35. Nf5 Bb5 36. Nxg7 Bf1 37. g3 Bg2 38. Nh5 Bxf3 39. Nxf6 Kb5 40. g4 Kc6 41. h4 Kd6 42. g5 hxg5 43. hxg5 Ke6 44. Kc4 Kf7 45. Kc5 Kg6 46. Kd5 Kxg5 47. Kxe5 Be2 48. Ne8 Bb5 49. Nd6 Bc6 50. b5 Bd7 51. Kd5 1-0

[Event "Titled Tuesday intern op 23rd Jan Late"]
[Site "Chess.com INT"]
[Date "2024.01.23"]
[Round "1"]
[White "Kujawski, Adam"]
[Black "Niedbala, Bartlomiej"]
[Result "0-1"]
[WhiteElo "2111"]
[BlackElo "2392"]
[PlyCount "76"]
[EventDate "2024.01.23"]
[EventType "swiss (blitz)"]
[EventRounds "11"]
[EventCountry "USA"]
[SourceTitle "CB05_2024"]
[SourceDate "2024.01.31"]
[SourceVersion "1"]
[SourceVersionDate "2024.01.31"]
[SourceQuality "1"]

1. e4 g6 2. d4 Bg7 3. Nc3 a6 4. a4 b6 5. Nf3 Bb7 6. Bc4 e6 7. d5 Ne7 8. 0-0 0-0 9. Bf4 exd5 10. exd5 d6 11. Qd2 Nd7 12. Bh6 Nf6 13. Bxg7 Kxg7 14. Rad1 Qd7 15. Qd4 Nf5 16. Qf4 h5 17. h3 Rae8 18. Rfe1 Rxe1+ 19. Rxe1 Re8 20. Rxe8 Qxe8 21. Kh2 Qh8 22. Bd3 Ne7 23. Qd4 Kg8 24. Kg1 Nfxd5 25. Nxd5 Nxd5 26. Qe4 Qxb2 27. Kh2 Qf6 28. g3 c6 29. Qe8+ Kg7 30. Be4 Qe7 31. Qxe7 Nxe7 32. c4 d5 33. cxd5 cxd5 34. Bd3 Nc6 35. Kg1 f6 36. Kf1 Ne5 37. Ne1 Nxd3 38. Nxd3 Bc6 0-1

[Event "Titled Tuesday intern op 23rd Jan Late"]
[Site "Chess.com INT"]
[Date "2024.01.23"]
[Round "5"]
[White "Vargas, Mauricio"]
[Black "Kujawski, Adam"]
[Result "0-1"]
[WhiteElo "1958"]
[BlackElo "2111"]
[PlyCount "64"]
[EventDate "2024.01.23"]
[EventType "swiss (blitz)"]
[EventRounds "11"]
[EventCountry "USA"]
[SourceTitle "CB05_2024"]
[SourceDate "2024.01.31"]
[SourceVersion "1"]
[SourceVersionDate "2024.01.31"]
[SourceQuality "1"]

1. e4 e6 2. f4 d5 3. e5 c5 4. Nf3 Nc6 5. Bb5 Bd7 6. Bxc6 Bxc6 7. 0-0 Nh6 8. h3 Nf5 9. g4 Nh4 10. Nxh4 Qxh4 11. Kh2 f6 12. Qe1 Qxe1 13. Rxe1 Kf7 14. exf6 gxf6 15. d3 Bd6 16. Nc3 b5 17. Bd2 b4 18. Ne2 h5 19. g5 fxg5 20. Kg1 g4 21. Ng3 h4 22. Ne2 Rag8 23. Kh2 d4 24. Rg1 g3+ 25. Nxg3 hxg3+ 26. Rxg3 Rxg3 27. Kxg3 Rg8+ 28. Kh4 Bf3 29. f5 Be7+ 30. Bg5 Rxg5 31. fxe6+ Kg6 32. Rf1 Rg1# 0-1

[Event "Titled Tuesday intern op 23rd Jan Late"]
[Site "Chess.com INT"]
[Date "2024.01.23"]
[Round "8"]
[White "Winkels, Marcel"]
[Black "Kujawski, Adam"]
[Result "1-0"]
[WhiteElo "1901"]
[BlackElo "2111"]
[PlyCount "101"]
[EventDate "2024.01.23"]
[EventType "swiss (blitz)"]
[EventRounds "11"]
[EventCountry "USA"]
[SourceTitle "CB05_2024"]
[SourceDate "2024.01.31"]
[SourceVersion "1"]
[SourceVersionDate "2024.01.31"]
[SourceQuality "1"]

1. e4 e6 2. d4 d5 3. Nc3 Nf6 4. exd5 exd5 5. Bg5 c6 6. Qd2 Be7 7. 0-0-0 0-0 8. h4 b5 9. f3 Nbd7 10. g4 Nb6 11. Nh3 Rb8 12. Bd3 Nc4 13. Qe1 Re8 14. Qg3 Bd6 15. Bf4 Bxf4+ 16. Qxf4 Qd6 17. Qxd6 Nxd6 18. Rhe1 Bd7 19. Nf4 Rxe1 20. Rxe1 Re8 21. Rxe8+ Nfxe8 22. g5 Bf5 23. Be2 f6 24. a4 b4 25. Na2 a5 26. Kd2 fxg5 27. hxg5 Nf7 28. g6 hxg6 29. Nc1 g5 30. Nfd3 Ned6 31. Nb3 Nb7 32. Ndc5 Nxc5 33. dxc5 Ne5 34. Nxa5 g4 35. f4 Ng6 36. Nxc6 Nxf4 37. Ne7+ Kf7 38. Nxf5 Ne6 39. c6 g3 40. Bf3 Ke8 41. Bxd5 Nf4 42. Ne3 Kd8 43. Bf3 Kc7 44. c3 bxc3+ 45. Kxc3 g5 46. b4 g4 47. Be4 Ne2+ 48. Kd3 Nc1+ 49. Kc4 Ne2 50. b5 Kd6 51. a5 1-0

[Event "Titled Tuesday intern op 16th Jan Late"]
[Site "Chess.com INT"]
[Date "2024.01.16"]
[Round "1"]
[White "Kujawski, Adam"]
[Black "Yurasov, Matfey"]
[Result "1-0"]
[WhiteElo "2111"]
[BlackElo "2152"]
[PlyCount "75"]
[EventDate "2024.01.16"]
[EventType "swiss (blitz)"]
[EventRounds "11"]
[EventCountry "USA"]
[SourceTitle "CB04_2024"]
[SourceDate "2023.10.16"]
[SourceVersion "1"]
[SourceVersionDate "2023.10.16"]
[SourceQuality "1"]

1. e4 e5 2. Nf3 Nf6 3. d4 Nxe4 4. Bd3 Nc6 5. Bxe4 d5 6. Bg5 Be7 7. Bxe7 Nxe7 8. dxe5 dxe4 9. Qxd8+ Kxd8 10. Ng5 Ke8 11. Nc3 Nc6 12. Nd5 Kd7 13. 0-0-0 Nxe5 14. Nb6+ Kc6 15. Nxa8 Bf5 16. Nxc7 Kxc7 17. Rhe1 Kb8 18. Nxe4 Rc8 19. f3 Bg6 20. Rd2 Nc4 21. Rd4 a5 22. c3 Rc6 23. b3 Ne5 24. Kb2 a4 25. Nf2 axb3 26. Rxe5 bxa2 27. Kxa2 Rxc3 28. Ne4 Rc2+ 29. Kb3 Rxg2 30. Re7 Rg1 31. Rb4 Rb1+ 32. Kc3 Rc1+ 33. Kd2 Ra1 34. Rbxb7+ Ka8 35. Nc5 Ra2+ 36. Ke3 Ra3+ 37. Kf4 Bh5 38. Re8# 1-0

[Event "POL-chT 1st League"]
[Site "Leba"]
[Date "2023.09.27"]
[Round "5.7"]
[White "Karolczuk, Iwo"]
[Black "Kujawski, Adam"]
[Result "1-0"]
[WhiteElo "2325"]
[BlackElo "2173"]
[PlyCount "73"]
[EventDate "2023.09.23"]
[EventType "team-swiss"]
[EventRounds "9"]
[EventCountry "POL"]
[SourceTitle "EXT 2024"]
[Source "ChessBase"]
[SourceDate "2023.10.10"]
[SourceVersion "1"]
[SourceVersionDate "2023.10.10"]
[SourceQuality "1"]
[WhiteTeam "Strzelce Opolskie Strzelec"]
[BlackTeam "Bydgoszcz Hetman"]
[WhiteTeamCountry "POL"]
[BlackTeamCountry "POL"]

1. d4 Nf6 2. c4 e6 3. g3 c5 4. d5 exd5 5. cxd5 d6 6. Nc3 g6 7. Bg2 Bg7 8. Nf3 0-0 9. 0-0 a6 10. a4 Re8 11. Bf4 Nh5 12. Bg5 Qc7 13. Re1 Nd7 14. e4 Rb8 15. g4 Nhf6 16. e5 Nxg4 17. exd6 Rxe1+ 18. Nxe1 Qb6 19. Qxg4 Qxb2 20. Rc1 Bxc3 21. Nd3 Qa3 22. Qe4 Nf6 23. Qe7 Bf5 24. Rxc3 Qxc3 25. Ne5 Ne4 26. Qxf7+ Kh8 27. Bf6+ Nxf6 28. Qxf6+ Kg8 29. d7 Bxd7 30. Qf7+ Kh8 31. Nxd7 Qc1+ 32. Bf1 Qg5+ 33. Kh1 Rd8 34. d6 Qh4 35. Nf6 Qh6 36. Ne8 g5 37. Qe7 1-0

[Event "POL-chT 1st League"]
[Site "Leba"]
[Date "2023.09.26"]
[Round "4.9"]
[White "Kujawski, Adam"]
[Black "Pyda, Zbigniew"]
[Result "1/2-1/2"]
[WhiteElo "2173"]
[BlackElo "2268"]
[PlyCount "61"]
[EventDate "2023.09.23"]
[EventType "team-swiss"]
[EventRounds "9"]
[EventCountry "POL"]
[SourceTitle "EXT 2024"]
[Source "ChessBase"]
[SourceDate "2023.10.10"]
[SourceVersion "1"]
[SourceVersionDate "2023.10.10"]
[SourceQuality "1"]
[WhiteTeam "Bydgoszcz Hetman"]
[BlackTeam "Lublin LKSz"]
[WhiteTeamCountry "POL"]
[BlackTeamCountry "POL"]

1. d4 d5 2. Bf4 Nf6 3. e3 Bf5 4. c4 c6 5. Nc3 e6 6. Qb3 Qc8 7. h3 h6 8. Rc1 Be7 9. Nf3 0-0 10. Be2 Nbd7 11. 0-0 dxc4 12. Bxc4 Nb6 13. Be2 Nbd5 14. Bh2 Nxc3 15. Rxc3 Ne4 16. Rcc1 Bd6 17. Bxd6 Nxd6 18. Ne5 Qd8 19. f3 Qe7 20. e4 Bh7 21. Qe3 Rad8 22. Rfd1 f5 23. Bd3 fxe4 24. fxe4 Nf7 25. Nxf7 Qxf7 26. Bc4 Kh8 27. Re1 Qe7 28. Rcd1 Rd7 29. a3 Rfd8 30. Bb3 Bg8 31. Qc3 1/2-1/2

[Event "Titled Tuesday intern op 29th Aug Late"]
[Site "Chess.com INT"]
[Date "2023.08.29"]
[Round "11"]
[White "Payne, Matthew"]
[Black "Kujawski, Adam"]
[Result "0-1"]
[WhiteElo "2104"]
[BlackElo "2173"]
[PlyCount "124"]
[EventDate "2023.08.29"]
[EventType "swiss (blitz)"]
[EventRounds "11"]
[EventCountry "USA"]
[SourceTitle "EXT 2024"]
[Source "ChessBase"]
[SourceDate "2023.10.10"]
[SourceVersion "1"]
[SourceVersionDate "2023.10.10"]
[SourceQuality "1"]

1. e4 e6 2. d4 d5 3. e5 c5 4. c3 Nc6 5. Nf3 Qb6 6. Bd3 cxd4 7. 0-0 Bd7 8. Re1 Rc8 9. h4 h6 10. h5 Nge7 11. Nbd2 dxc3 12. bxc3 Na5 13. Rb1 Qc7 14. Bb2 Nec6 15. Nb3 Nxb3 16. axb3 Be7 17. c4 dxc4 18. bxc4 0-0 19. Bc3 Rfd8 20. Qc2 Be8 21. Re4 Kh8 22. g4 a5 23. Rd1 Nb4 24. Bxb4 axb4 25. Qc1 b5 26. g5 hxg5 27. Nxg5 bxc4 28. Rxc4 Qd7 29. Be2 Rxc4 30. Qxc4 Qxd1+ 31. Bxd1 Rxd1+ 32. Kg2 Bxg5 33. Qc8 Rd8 34. Qc4 Rb8 35. Qc7 Rd8 36. Qc4 Be7 37. Qc7 b3 38. Qxe7 Rb8 39. h6 gxh6 40. Qf8+ Kh7 41. Qd6 Rb7 42. Qd3+ Kg8 43. Qg3+ Kf8 44. Qh4 Bc6+ 45. Kg3 b2 46. Qxh6+ Ke7 47. Qf6+ Ke8 48. Qh8+ Kd7 49. Qg7 b1Q 50. Qxf7+ Kc8 51. Qxe6+ Kc7 52. Qe7+ Kb8 53. Qd6+ Rc7 54. Qd8+ Kb7 55. Qd4 Qb3+ 56. Kh4 Rh7+ 57. Kg4 Qf3+ 58. Kg5 Qh5+ 59. Kf6 Qf7+ 60. Kg5 Rh5+ 61. Kg4 Qf5+ 62. Kg3 Rh3# 0-1

[Event "Titled Tuesday intern op 15th Aug Late"]
[Site "Chess.com INT"]
[Date "2023.08.15"]
[Round "5"]
[White "Kujawski, Adam"]
[Black "Graif, William"]
[Result "1-0"]
[WhiteElo "2173"]
[BlackElo "2293"]
[PlyCount "137"]
[EventDate "2023.08.15"]
[EventType "swiss (blitz)"]
[EventRounds "11"]
[EventCountry "USA"]
[SourceTitle "EXT 2024"]
[Source "ChessBase"]
[SourceDate "2023.10.10"]
[SourceVersion "1"]
[SourceVersionDate "2023.10.10"]
[SourceQuality "1"]

1. d4 Nf6 2. Bf4 c5 3. d5 b5 4. f3 g6 5. e4 Bg7 6. a4 b4 7. Nd2 Nh5 8. Be3 Bxb2 9. g4 Nf6 10. Ne2 d6 11. Nc4 Bxa1 12. Qxa1 Rg8 13. Ng3 Nbd7 14. g5 Nh5 15. Nxh5 gxh5 16. Be2 Nb6 17. Na5 Bd7 18. Nc6 Bxc6 19. dxc6 Qc7 20. 0-0 a5 21. Bb5 0-0-0 22. c3 f6 23. cxb4 cxb4 24. Qd4 Na8 25. Rb1 e5 26. Ba6+ Kb8 27. Rxb4+ axb4 28. Qxb4+ Nb6 29. Bxb6 Rxg5+ 30. Kf2 Qxc6 31. Bxd8+ Ka7 32. Be2 Qc5+ 33. Qxc5+ dxc5 34. Bxf6 Rg6 35. Bxe5 Re6 36. Bf4 Rc6 37. Ke3 c4 38. Kd2 c3+ 39. Kc2 Rb6 40. Be3 Kb7 41. Bxb6 Kxb6 42. Kxc3 Ka5 43. Kd4 Kxa4 44. Ke5 Ka5 45. Kf4 Kb6 46. Kg5 Kc7 47. Kxh5 Kd8 48. Kh6 Ke8 49. Kxh7 Ke7 50. f4 Ke6 51. Kh6 Kf6 52. Kh5 Ke6 53. Kg4 Ke7 54. h4 Kf7 55. h5 Ke7 56. e5 Kf7 57. Bd3 Kg8 58. Kg5 Kg7 59. f5 Kg8 60. f6 Kf8 61. h6 Kg8 62. Kf5 Kf8 63. e6 Kg8 64. Ke5 Kh8 65. Kd6 Kg8 66. Ke7 Kh8 67. Ke8 Kg8 68. f7+ Kh8 69. f8Q# 1-0

[Event "Titled Tuesday intern op 15th Aug Late"]
[Site "Chess.com INT"]
[Date "2023.08.15"]
[Round "8"]
[White "Kujawski, Adam"]
[Black "Tustanowski, Robert"]
[Result "1-0"]
[WhiteElo "2173"]
[BlackElo "2208"]
[PlyCount "183"]
[EventDate "2023.08.15"]
[EventType "swiss (blitz)"]
[EventRounds "11"]
[EventCountry "USA"]
[SourceTitle "EXT 2024"]
[Source "ChessBase"]
[SourceDate "2023.10.10"]
[SourceVersion "1"]
[SourceVersionDate "2023.10.10"]
[SourceQuality "1"]

1. e4 d6 2. d4 Nf6 3. Nc3 e5 4. dxe5 dxe5 5. Qxd8+ Kxd8 6. Bc4 Be6 7. Bxe6 fxe6 8. f3 Bc5 9. Nge2 Nc6 10. Bd2 Ke7 11. 0-0-0 a6 12. a3 b5 13. Na2 a5 14. Kb1 Rhb8 15. Nec1 h6 16. Nd3 Bd4 17. c3 Ba7 18. b3 Nd7 19. Kc2 a4 20. b4 Nb6 21. Nb2 Nd8 22. Be3 Nf7 23. Bc5+ Kf6 24. Nc1 Rd8 25. Rxd8 Rxd8 26. Rd1 Rxd1 27. Kxd1 Nd6 28. Bxb6 Bxb6 29. Ke2 Bg1 30. h3 Kg5 31. Ncd3 Nf7 32. c4 c6 33. cxb5 cxb5 34. Nd1 Kh4 35. Nc3 Kg3 36. Kf1 Bd4 37. Nxb5 Ba1 38. Nc1 Kf4 39. Ke2 Kg3 40. Kf1 h5 41. Ne2+ Kh4 42. Nbc3 Nd6 43. Nxa4 Nb5 44. Nc5 Nxa3 45. Nd3 Nc4 46. Kf2 Kg5 47. g3 h4 48. f4+ exf4 49. gxf4+ Kf6 50. Kf3 g5 51. fxg5+ Kxg5 52. b5 e5 53. Nec1 Bc3 54. Nb3 Nb6 55. Nbc5 Nc4 56. Ne6+ Kf6 57. Nc7 Ba5 58. Nd5+ Kg5 59. Nc5 Nd2+ 60. Ke3 Nc4+ 61. Kd3 Nb6 62. Ne6+ Kg6 63. Nxb6 Bxb6 64. Kc4 Kf6 65. Kd5 Bf2 66. Nc5 Kg5 67. b6 Kf4 68. Nd3+ Kg3 69. Nxf2 Kxf2 70. b7 Kg3 71. b8Q Kxh3 72. Qxe5 Kg2 73. Qg7+ Kh1 74. e5 h3 75. Qg3 h2 76. Qf3+ Kg1 77. Qd1+ Kf2 78. Qd2+ Kg1 79. Qe1+ Kg2 80. Qe2+ Kg1 81. Qxh2+ Kxh2 82. e6 Kg3 83. e7 Kf4 84. e8Q Kg5 85. Qe5+ Kh6 86. Ke4 Kh7 87. Qf5+ Kg8 88. Ke5 Kg7 89. Ke6 Kg8 90. Qg4+ Kh7 91. Kf7 Kh8 92. Qh5# 1-0